000 00705cam a2200229 04500
001 5983
090 _a5983
100 _a20211231d1972 m||y0pory5003 ba
200 1 _aBenvindo a Alflolol
_fJ.-C. Mezieres, P. Christin
210 9 _aLisboa
_cMeribérica,
_d1972
215 _a48 p.
_ctodo il.
225 2 _aValerian agente espácio-temporal
304 _aTít. orig.: Bienvenue sur Alflolol
606 _91862
_aBanda Desenhada
675 _a087.5
_vBN
_zpor
675 _a741(=1:44)"19/20"
_vBN
_zpor
675 _a821.133.1-9"19/20"
_vBN
_zpor
700 _aMezieres
_bJ.-C.
_f1938-2022
_94751
701 _aChristin
_bP.
_f1938-2024
_94752
801 0 _aPT
_bBMVN
_gRPC
830 _cInês Silva
_d31/12/2021
990 _cLIVROS